ISLAM and Confucianism : A civilizational dialogue

Bibliographic Details
Other Authors: Cheng, Osman Bakar
Format: Book
Published: Kuala Lumpur : University of Malaya Press , 1997
Series:University of Malaya civilizational dialogue series
Subjects:

MARC

LEADER 00000cam a2200000 7i4500
001 0000000112
005 20000704.0
020 0 0 |a 9831000161 
090 0 0 |a 297.28   |b ISL 1997 
245 0 0 |a ISLAM and Confucianism :   |b A civilizational dialogue   |c edited with introduction by Osman Bakar, co-editor Cheng Gek Nai 
260 0 0 |a Kuala Lumpur :   |b University of Malaya Press ,   |c 1997 
300 |a viii, 233 p. ;   |c 22 cm. 
440 0 0 |a University of Malaya civilizational dialogue series 
650 0 0 |a Civilization, Islamic 
650 0 0 |a Confucianism 
650 0 0 |a Islam   |x Relations   |x Confucianism 
650 0 0 |a Philosophy, Chinese 
650 0 0 |a Philosophy, Islamic 
651 0 0 |a China   |x Civilization 
700 0 1 |a Cheng   |h Gek Nai 
700 0 1 |a Osman Bakar 
999 |a 0000001329   |b Monograph   |c Open Shelf   |e Default branch